| 000 -LEADER | |
|---|---|
| fixed length control field | 00460nam a22001817a 4500 |
| 005 - DATE AND TIME OF LATEST TRANSACTION | |
| control field | 20230117122842.0 |
| 008 - FIXED-LENGTH DATA ELEMENTS--GENERAL INFORMATION | |
| fixed length control field | 200317b xxu||||| |||| 00| 0 eng d |
| 020 ## - INTERNATIONAL STANDARD BOOK NUMBER | |
| ISBN | 9788123905143 |
| 041 ## - LANGUAGE CODE | |
| Language code of text/sound track or separate title | eng |
| 082 ## - DEWEY DECIMAL CLASSIFICATION NUMBER | |
| Classification number | 615.190 18 |
| 100 ## - MAIN ENTRY--AUTHOR NAME | |
| Personal name | BECKETT, A.H |
| 245 ## - TITLE STATEMENT | |
| Title | PRACTICAL PHARMACEUTICAL CHEMISTRY (vol- 2) |
| 250 ## - EDITION STATEMENT | |
| Edition statement | 4th, 1997 |
| 260 ## - PUBLICATION, DISTRIBUTION, ETC. (IMPRINT) | |
| Place of publication | NEW DELHI |
| Name of publisher | CBS |
| Year of publication | 2007 |
| 300 ## - PHYSICAL DESCRIPTION | |
| Number of Pages | 602;XII. |
| 650 ## - SUBJECT ADDED ENTRY--TOPICAL TERM | |
| Topical Term | PHARMACY |
| General subdivision | B.PHARMA & D.PHARMA |
| 942 ## - ADDED ENTRY ELEMENTS (KOHA) | |
| Koha item type | Books |
| Lost status | Damaged status | Collection code | Home library | Current library | Shelving location | Date acquired | Source of acquisition | Cost, normal purchase price | Full call number | Accession Number | Koha item type |
|---|---|---|---|---|---|---|---|---|---|---|---|
| PHARMACY | JRU Library | JRU Library | Shelf - 27- H | 17/03/2020 | PURCHESS | 525.00 | 615.190 18 | 23841 | Books | ||
| PHARMACY | JRU Library | JRU Library | Shelf - 27- H | 17/03/2021 | PURCHES | 695.00 | 615.190 18 | 25773 | Books | ||
| PHARMACY | JRU Library | JRU Library | Shelf - 27- H | 17/03/2021 | PURCHES | 695.00 | 615.190 18 | 25774 | Books | ||
| PHARMACY | JRU Library | JRU Library | SHELF-5-C | 17/03/2021 | PURCHES | 695.00 | 615.190 18 | 25775 | Books | ||
| PHARMACY | JRU Library | JRU Library | Shelf - 24- F | 17/03/2021 | PURCHES | 695.00 | 615.190 18 | 25776 | Books | ||
| PHARMACY | JRU Library | JRU Library | Shelf - 27- H | 17/03/2021 | PURCHES | 695.00 | 615.190 18 | 25777 | Books | ||
| PHARMACY | JRU Library | JRU Library | Shelf - 27- H | 17/03/2021 | PURCHES | 695.00 | 615.190 18 | 25778 | Books | ||
| PHARMACY | JRU Library | JRU Library | Shelf - 27- H | 17/03/2021 | PURCHES | 695.00 | 615.190 18 | 25779 | Books | ||
| PHARMACY | JRU Library | JRU Library | Shelf - 27- H | 17/03/2021 | PURCHES | 695.00 | 615.190 18 | 25780 | Books | ||
| PHARMACY | JRU Library | JRU Library | Shelf - 27- H | 17/03/2021 | PURCHES | 695.00 | 615.190 18 | 25781 | Books | ||
| PHARMACY | JRU Library | JRU Library | Shelf - 27- H | 17/03/2021 | PURCHES | 695.00 | 615.190 18 | 25782 | Books | ||
| Reference | JRU Library | JRU Library | SHELF-5-B | 09/02/2022 | PURCHASE | 750.00 | 615.190 18 | 26009 | Books | ||
| PHARMACY | JRU Library | JRU Library | Shelf - 27- H | 09/02/2022 | PURCHASE | 750.00 | 615.190 18 | 26010 | Books | ||
| PHARMACY | JRU Library | JRU Library | Shelf - 27- H | 25/02/2022 | PURCHASE | 750.00 | 615.190 18 | 26673 | Books | ||
| PHARMACY | JRU Library | JRU Library | Shelf - 27- H | 25/02/2022 | PURCHASE | 750.00 | 615.190 18 | 26674 | Books |